Top 15 most powerful armies in Europe (2021) - Statistics

General Stats
  • This quiz has been taken 160 times
  • The average score is 14 of 15
Answer Stats
Answer % Correct
2 France
99%
1 Russia
98%
3 United Kingdom
98%
6 Germany
97%
5 Italy
97%
8 Poland
96%
7 Spain
96%
10 Greece
94%
12 Sweden
92%
9 Ukraine
92%
15 Romania
90%
4 Turkey
90%
14 Netherlands
85%
11 Switzerland
78%
13 Czechia
76%
No matching quizzes found
Score Distribution
Percent of People with Each Score
Percentile by Number Answered
Your Score History
You have not taken this quiz